Представление документа в формате RUSMARC

ПолеНазваниеЗначение
  Тип записи a
  Библиографический уровень m
001 Контрольный номер RU/IS/BASE/508938649
005 Дата корректировки 20240819134808.4
010 Индекс ISBN __
d Цена 15 к.
9 Тираж экз.
100 Данные общей обработки __
a Данные общей обработки 20160216d2016 ||| 0rusy0189 ca
101 Язык документа 0_
a Язык текста rus
102 Страна публикации __
a Страна публикации RU
105 Кодированные данные (монография) __
a Кодированные данные (монография) y###||||000|y
200 Заглавие и сведения об ответственности 1_
a Заглавие Д. С. Самойлович
b Общее обозначение материала Текст
f Первые сведения об ответственности Н. К. Бородий
210 Выходные данные 1_
a Место издания Москва
c Издательство Медицина
d Дата издания 1985
215 Физическое описание __
a Объем 96 с.
d Формат см.
225 Серия 0_
a Серия Научно-популярная медицинская литература. Выдающиеся деятели отечественной медицины и здравоохранения
300 Общие примечания __
a Общие примечания Ограничения по возрасту - 16+
300 Общие примечания __
a Общие примечания Под инв. номером 13734: 3-1, 5-1, 17-1
600 Персоналии _0
a Персоналии (Фамилия) Самойлович
b Персоналии (Имя, инициалы) Д. С.
606 Тематические рубрики 0_
a Основная рубрика Самойлович, Даниил Самойлович (1744-1805)
610 Ключевые слова 0_
a Ключевые слова медицина
a Ключевые слова медики выдающиеся
a Ключевые слова медики русские
686 Индексы других классификаций __
a Классификационный индекс 51г
2 Код системы ББК
700 Автор _0
a Фамилия Бородий
b Имя (инициалы) Н. К.
801 Источник записи _0
a Страна RU
b Организация МБУК ЦБС
c Дата составления 20160216
g Правила каталогизации RCR
801 Источник записи _1
a Страна RU
b Организация МБУК ЦБС г. Ульяновска
c Дата составления 20160216
g Правила каталогизации RCR
899 Данные о местонахождении __
i Авторский знак Б 83
j Расстановочный фильтр 51г
901 Тип документа __
t Тип документа m
910 Корректоры записи __
a Корректор записи Тихонова